| Tag |
First Indicator |
Second Indicator |
Subfields |
| LEADER |
00000cam a2200000 i 4500 |
| 001 |
in00000012886 |
| 005 |
20151007052258.0 |
| 008 |
750806s1974 enka b 00110 eng |
| 010 |
|
|
|a 75321096
|
| 015 |
|
|
|a GB74-28184
|
| 020 |
|
|
|a 0706403053 :
|c £1.50
|
| 035 |
|
|
|a (OCoLC)01147458
|
| 035 |
|
|
|9 AAA7083AM
|
| 040 |
|
|
|a DLC
|c DLC
|d TXA
|d UtOrBLW
|
| 041 |
1 |
|
|a eng
|h cze
|
| 049 |
|
|
|a TXAM
|c [A11031401]
|
| 050 |
0 |
0 |
|a QE363.8
|b .B3813
|
| 082 |
0 |
|
|a 549
|
| 100 |
1 |
|
|a Bauer, Jaroslav.
|
| 245 |
1 |
2 |
|a A field guide in color to minerals, rocks and precious stones /
|c by Jaroslav Bauer ; photographs by František Tvrz ; [translated by Zdenka Naglova].
|
| 264 |
|
1 |
|a London :
|b Octopus Books,
|c 1974.
|
| 300 |
|
|
|a 208 pages :
|b illustrations (some color) ;
|c 22 cm.
|
| 336 |
|
|
|a text
|b txt
|2 rdacontent
|
| 337 |
|
|
|a unmediated
|b n
|2 rdamedia
|
| 338 |
|
|
|a volume
|b nc
|2 rdacarrier
|
| 500 |
|
|
|a Spine title: Minerals, rocks and precious stones.
|
| 504 |
|
|
|a Bibliography: page 208.
|
| 500 |
|
|
|a Includes indexes.
|
| 650 |
|
0 |
|a Mineralogy
|v Pictorial works.
|
| 650 |
|
0 |
|a Rocks
|x Pictorial works.
|
| 650 |
|
0 |
|a Precious stones
|x Pictorial works.
|
| 740 |
0 |
|
|a Minerals, rocks and precious stones.
|
| 999 |
|
|
|a MARS
|
| 999 |
f |
f |
|s e4554070-f926-3999-968f-7f30588efd52
|i e545dabb-a6f8-318f-813f-6032aa4d279f
|t 0
|
| 952 |
f |
f |
|p ric
|a Texas A&M University
|b Rellis Campus
|c Joint Library Facility
|s JLF
|d Remote Storage
|t 0
|e QE363.8 .B3813
|h Library of Congress classification
|i unmediated -- volume
|m A14811031401
|
| 998 |
f |
f |
|a QE363.8 .B3813
|t 0
|l Remote Storage
|